000 00634nam a2200241Ia 4500
003 OSt
005 20221005114903.0
006 a|||||r|||| 00| 0
007 ta
008 221004b |||||||| |||| 00| 0 eng d
024 _a43913
037 _cTextual
040 _aCRL
_cCRL
_beng
041 _2eng
_aeng
082 _aO15,2NCH,3, K0
100 _aChaudhuri Jatinder Bimal
_962878
245 0 _aBharata hridaya aravindam
260 _c1960
650 _a SANSKRIT LITERATURE
650 _aSANSKRIT LITERATURE
942 _hO15,2NCH,3, K0
_cTEXL
_2cc
999 _c1032735
_d1032735